Name the Country Based on the Bordering Countries - Statistics

General Stats
  • This quiz has been taken 23 times
  • The average score is 14 of 15
Answer Stats
Hint Answer % Correct
Peru, Brazil, Paraguay, Chile, Argentina Bolivia
100%
Vietnam, Laos, Thailand Cambodia
100%
Honduras, Nicaragua El Salvador
100%
Russia, Azerbaijan, Armenia, Turkey Georgia
100%
Western Sahara, Algeria Morocco
100%
India, China Nepal
100%
Saudi Arabia, United Arab Emirates, Yemen Oman
100%
Eritrea, Egypt, Libya, Chad, Central African Republic, DR Congo, Uganda, Kenya, Ethiopia Sudan
100%
Uzbekistan, Iran, Afganistan Turkmenistan
100%
France, Switzerland, Austria, Croatia Italy
95%
Brunei, Indonesia Malaysia
95%
Ukraine, Romania Moldova
95%
South Africa, Namibia, Zambia, Zimbabwe Botswana
89%
Iran, Iraq, Saudi Arabia Kuwait
89%
Sierra Leone, Guinea, Ghana Liberia
79%
No matching quizzes found
Score Distribution
Percent of People with Each Score
Percentile by Number Answered
Your Score History
You have not taken this quiz